Statistics for Things that start or end with GER

Click here to take the quiz!

General Stats

  • This quiz has been taken 37 times
  • The average score is 13 of 20

Answer Stats

QuestionAnswer% Correct
A microorganism, especially one which causes diseaseGerm
100%
A person aged between 13 and 19 yearsTeenager
97%
A person who is travelling in a vehicle but is not driving it, flying it, or working on itPassenger
93%
A part of a gun that causes it to fire when pressedTrigger
87%
A country in Central and Western Europe, lying between the Baltic and North SeasGermany
80%
To cause a seed to start growingGerminate
77%
A type of effervescent beer which is light in colour and bodyLager
77%
A person responsible for controlling or administering an organization or group of staffManager
73%
A landlocked republic in West AfricaNiger
73%
A grilled beef patty on a bunBurger
70%
A limb of the human body and a type of digitFinger
70%
A small, furry animal that is often kept as a petGerbil
67%
A large Asian carnivorous mammal of the cat familyTiger
63%
An animal with greyish-brown fur, a black and white head and a pointed face, that lives undergroundBadger
57%
Walk or move unsteadily, as if about to fallStagger
57%
A plant with red, pink, or white flowers, often grown in containers and gardensGeranium
50%
A branch of medicine that deals with the problems and diseases of old ageGeriatrics
50%
A person who rents accommodation in another person's houseLodger
40%
38th President of the United States, succeeded Richard NixonGerald Ford
37%
A person who searches for and collects discarded itemsScavenger
27%

Score Distribution

Percentile by Number Answered

Percent of People with Each Score

Your Score History

You have not taken this quiz